| 000 | 00359nam a2200145Ia 4500 | ||
|---|---|---|---|
| 008 | 230917s9999||||xx |||||||||||||| ||und|| | ||
| 040 |
_e97285 _aMAIN |
||
| 041 | _aEnglish | ||
| 082 | _a342 U1A | ||
| 100 | _aUpadhaya, Jai Jai Ram | ||
| 245 | 0 | _aAdministrative law | |
| 260 |
_aAllahabad _bCentral Law Agency _c1994 |
||
| 300 | _axlviii, 510 p. | ||
| 942 | _cBK | ||
| 999 |
_c83636 _d83636 |
||